000 03134nab a2200337 i 4500
003 BR-BrBNA
005 20240402142921.0
008 240402b2019 bl.qr|pooa||| 00| 0 por |
040 _aBR-BrBNA
_bpor
072 _aP34
_b1240
100 _aSulzbacher, Marcelo Aloisio
100 _aHamann, Jonas Janner
100 _aFronza, Diniz
100 _aJacques, Rodrigo Josemar Seminoti
100 _aGiachini, Admir José
100 _aGrebenc, Tine
100 _aAntoniolli, Zaida Inês
245 _aFungos ectomicorrízicos em plantações de nogueira-pecã e o potencial da truficultura no Brasil
500 _aPublicação on-line; Bibliography p. 984-987 (56 ref.); 3 tables; 1 illus.; Summaries (En, Pt)
520 _a Resumo Os estudos envolvendo a nogueira-pecã têm evoluído consideravelmente nos últimos anos no Brasil. Esta cultura foi introduzida no país no início do século passado e tornou-se importante comercialmente após os anos de 1960, principalmente na região sul. A nogueira-pecã é comprovadamente um simbionte, formando diversas associações mutualísticas com fungos ectomicorrízicos do solo. Assim, a presente revisão tem como objetivos apresentar os estudos sobre os fungos ectomicorrízicos em plantações comerciais de nogueirapecã no Brasil, destacar a importância agrícola e ambiental desta simbiose, e o potencial da micorrização controlada da nogueira-pecã, visando à produção de espécies desejadas de trufas, notadamente do gênero Tuber, em pomares comerciais, uma atividade econômica de alta rentabilidade. Palavras-chave: Inoculação de fungos; Trufas comestíveis; Produção florestal; Tuberaceae
520 _a Abstract Studies involving pecan tree have evolved considerably in recent years in Brazil. Pecans were introduced in the country at the beginning of the last century, and became commercially important after the 1960´s, primarily in the South region. Pecan trees form several ECM associations with mutualistic fungi. Thus, the aims of the present review were to show research data using ECM fungi in commercial pecan orchards in Brazil, present the agricultural and environmental importance of this symbiosis, and show the potential of man-driven mycorrhyzation with pecan, aiming at the production of selected truffles, notably of the genus Tuber, in commercial orchards, a highly profitable economic activity. Keywords: Fungal inoculation; Edible truffles; Forest production; Tuberaceae
650 _aINOCULAÇÃO
650 _aFUNGO
650 _aMICORRIZA
650 _aNOZ PECÃ
650 _aCARYA ILLINOINENSIS
773 0 _04065
_9313933
_dSanta Maria-RS Universidade Federal de Santa Maria - Centro de Pesquisas Florestais.Departamento de Ciências Florestais. Programa de Pós-Graduação em Engenharia Florestal 1991
_o2024-0204
_tCiência Florestal (Brazil)
_x0103-9954; 1980-5098 (on-line)
_gv. 29(2) p. 975-987; (Apr-Jun 2019)
_wBR2023001655
856 _uhttps://www.scielo.br/j/cflo/a/Dq5jDrh97xmLJk6hKDBMTFF/?format=pdf&lang=pt
942 _cAnalítica
999 _c299037
_d299037